| 000 -LEADER |
| fixed length control field |
00388nam a2200145Ia 4500 |
| 008 - FIXED-LENGTH DATA ELEMENTS--GENERAL INFORMATION |
| fixed length control field |
260210s9999 xx 000 0 und d |
| 020 ## - INTERNATIONAL STANDARD BOOK NUMBER |
| International Standard Book Number |
9783944074528 |
| 082 ## - DEWEY DECIMAL CLASSIFICATION NUMBER |
| Classification number |
684.092 |
| 100 ## - MAIN ENTRY--PERSONAL NAME |
| Personal name |
Sascha Bauer & Daniel Pauli |
| 245 #4 - TITLE STATEMENT |
| Title |
The Joinery Compendium: Learning from Traditional Woodworking |
| 260 ## - PUBLICATION, DISTRIBUTION, ETC. (IMPRINT) |
| Name of publisher, distributor, etc |
Ruby Press |
| Date of publication, distribution, etc |
2024 |
| 260 ## - PUBLICATION, DISTRIBUTION, ETC. (IMPRINT) |
| Date of publication, distribution, etc |
2024 |
| 300 ## - PHYSICAL DESCRIPTION |
| Extent |
896 pages |
| 942 ## - ADDED ENTRY ELEMENTS (KOHA) |
| Item type |
UG Books |
| Source of classification or shelving scheme |
|